| 000 | 00334nam a22001457a 4500 | ||
|---|---|---|---|
| 003 | SGT | ||
| 020 | _a978-93-85891-00-7 | ||
| 082 |
_a150 _bP16C |
||
| 100 | _aCLEMENT, I. | ||
| 245 | _aTB. OF PSYCHOLOGY FOR B.SC NURSING STUDENTS | ||
| 260 |
_aINDIA _bJAYPEE _c2016 |
||
| 300 | _a420 | ||
| 650 | _aPSYCHOLOGY | ||
| 942 |
_2ddc _cBK _089 |
||
| 999 |
_c10948 _d10948 |
||